Theory and Practice of Membrane Shells
Salvato in:
| Autore principale: | |
|---|---|
| Natura: | Libro |
| Lingua: | inglese |
| Pubblicazione: |
Budapest :
Akadémiai Kiadó,
1987
|
| Soggetti: | |
| Tags: |
Nessun Tag, puoi essere il primo ad aggiungerne!!
|
MARC
| LEADER | 00000nam a22000003a 4500 | ||
|---|---|---|---|
| 001 | stu10624 | ||
| 005 | 20150617225701.1 | ||
| 008 | 941020s1987----hu------------------eng-d | ||
| 040 | |a STU |b slo | ||
| 041 | 0 | |a eng | |
| 044 | |a hu | ||
| 080 | |a 531.2 | ||
| 100 | 1 | |a Csonka, Pál |4 aut | |
| 245 | 1 | |a Theory and Practice of Membrane Shells | |
| 260 | |a Budapest : |b Akadémiai Kiadó, |c 1987 | ||
| 300 | |a 725 s | ||
| 650 | 7 | |a konštrukcie železobetónové |2 stusub | |
| 650 | 7 | |a konštrukcie betónové |2 stusub | |
| 996 | |b 284AU01193 |c A*483 U |l AAKNAR |s A |a 24 |w stu10624_0001 | ||
| 996 | |b 284V037819 |c V* 53399/O-24559 |l VVT |s A |a 24 |w stu10624_0002 | ||